Christliches Gesang- und Gebetbuch für evangelische Kirchengemeinden A.B.

Bibliographic Details
Corporate Author: cirkev evanjelická a.v (Author)
Format: Book
Language:German
Published: Bratislava Deutsche Evangelische Kirchen Gemeinde A.B. 1942
Subjects:

MARC

LEADER 00000nam a2200000 a 4500
001 vtls001327701
003 SK-MaSNL
005 20260301235620.0
008 180812s1942 xo 0 ger
020 |c 200,00 
035 |a SNK000280510 
040 |a SNK  |b slo  |c SNK  |e AACR2 
041 0 |a ger 
044 |a xo  |c SK 
080 |a 243:284.1  |2 1981 
110 0 |a cirkev evanjelická a.v.  |4 aut  |9 385039 
245 1 |a Christliches Gesang- und Gebetbuch für evangelische Kirchengemeinden A.B. 
260 |a Bratislava  |b Deutsche Evangelische Kirchen Gemeinde A.B.  |c 1942  |e Bratislava  |f Slov. Grafia 
300 |a 597, 147 s.  |c 18 cm 
610 0 7 |a Evanjelická cirkev a.v.  |x knihy modlitebné  |2 SNK  |9 385040 
611 1 7 |a Evanjelická cirkev a.v.  |x knihy modlitebné  |2 SNK  |9 385041 
650 0 7 |a knihy modlitebné evanjelické  |2 SNK  |9 384471 
958 |a OND 
999 |c 975868  |d 977798 
952 |t P60, <03>, [BOOK], {603}  |a SNK  |b SNK  |y PREZ  |7 0  |p 17A0122876  |o snkSD 69423  |i snkK 830/98  |0 0  |1 0  |4 0  |d 1998-04-15  |l 0  |r 2005-01-02 00:00:00  |w 2026-02-24